000 00591nam a2200193Ia 4500
005 20260120124637.0
008 008 260114s9999 xx 000 0 eng d
020 _a9780125877800
037 _aEBOOK
040 _aCRL
_beng
_cCRL
041 _aeng
_2eng
084 _qCRL
100 _aMatthew L. Saxton
_9908758
245 0 _aUnderstanding Reference Transactions: Transforming an Art into a Science
260 _bEmerald Publishing
_c2002
856 _uhttps://www.emerald.com/insight/publication/doi/10.1108/S1876-0562(2002)02
942 _cEBOOK
999 _c1500666
_d1500666